ბათუმის შოთა რუსთაველის სახელმწიფო უნივერსიტეტის ბიბლიოთეკა

მოთხრობები (ბიბ.ჩანაწერი № 50254)

000 -LEADER
fixed length control field 00828nam a2200217Ia 4500
001 - CONTROL NUMBER
control field 17192
003 - CONTROL NUMBER IDENTIFIER
control field GE_BSU
008 - FIXED-LENGTH DATA ELEMENTS--GENERAL INFORMATION
fixed length control field 181216s||||||||xx |||||||||||||| ||und||
040 ## - CATALOGING SOURCE
Transcribing agency GE_BSU
080 ## - UNIVERSAL DECIMAL CLASSIFICATION NUMBER
Universal Decimal Classification number 82-93:821.161.1-3
100 ## - MAIN ENTRY--PERSONAL NAME
Personal name სოტნიკი, ი.
245 ## - TITLE STATEMENT
Title მოთხრობები
245 ## - TITLE STATEMENT
Statement of responsibility, etc. თარგმ.: ვ. ძიძიგური ; ილ.: რ. ცუცქირიძე
260 ## - PUBLICATION, DISTRIBUTION, ETC.
Place of publication, distribution, etc. თბილისი
260 ## - PUBLICATION, DISTRIBUTION, ETC.
Name of publisher, distributor, etc. საბლიტგამი
260 ## - PUBLICATION, DISTRIBUTION, ETC.
Date of publication, distribution, etc. 1958
300 ## - PHYSICAL DESCRIPTION
Extent 312გვ. : ილ. ; 22სმ.
653 ## - INDEX TERM--UNCONTROLLED
Uncontrolled term მოგზაურობა ჩაეშალათ; რაიკას ტყვეები; ვოვკა გრუშინის "არქიმედი". [და სხვა]
653 ## - INDEX TERM--UNCONTROLLED
Uncontrolled term მოთხრობები
942 ## - ADDED ENTRY ELEMENTS (KOHA)
Koha item type წიგნი
ეგზემპლარები
Withdrawn status Lost status Damaged status Not for loan Date acquired Barcode Date last seen Price effective from Koha item type
        2018-12-17 21508 2018-12-17 2018-12-17 წიგნი
        2018-12-17 21509 2018-12-17 2018-12-17 წიგნი
        2018-12-17 21510 2018-12-17 2018-12-17 წიგნი
        2018-12-17 21511 2018-12-17 2018-12-17 წიგნი
        2018-12-17 21512 2018-12-17 2018-12-17 წიგნი